| 000 | 01165 a2200229 4500 | ||
|---|---|---|---|
| 001 | 55 | ||
| 005 | 20260407155406.0 | ||
| 008 | 260407a2006 arg spa d | ||
| 003 | AR-UNSa-BCEJYS | ||
| 040 |
_aAR-UNSa-BCEJYS _bspa _cAR-UNSa-BCEJYS |
||
| 080 |
_a657.3 _xPresupuestos. Cierre de Cuentas. Balances (Estados Contables) |
||
| 245 | 1 | 0 |
_aAnálisis de estados financieros _pun enfoque integral |
| 020 | _a978-987-1140-35-0 | ||
| 250 | _a1a. ed | ||
| 264 | 1 |
_aBuenos Aires : _bOsmar D. Buyatti _c2006 |
|
| 300 |
_a295 p. _c22 cm |
||
| 505 | _a1. Conceptos preliminares - 2. Fuentes de información básica - 3. Adecuación de la información - 4. Técnicas de análisis - 5. Análisis financiero a largo plazo - 6. Análisis financiero de corto plazo - 7. Análisis económico - 8. Análisis de casos especiales - 9. Otras herramientas de análisis - 10. Análisis operativo - 11. Análisis de contexto | ||
| 942 | _cBK | ||
| 590 | _aniveau_biblio:m niveau_hierar:0 | ||
| 100 | 1 | _aLamattina, Oscar Edmundo | |
| 856 | 4 | 1 |
_uhttps://biblioeco.unsa.edu.ar/pmb/images/libros/An?lisis de estados financieros Lamattina, Oscar E. (2006).jpg _yImagen de portada _qimage/jpeg |
| 999 |
_c43 _d43 |
||